| 000 | 00424nam a2200169Ia 4500 | ||
|---|---|---|---|
| 003 | GCL | ||
| 008 | 140319s9999 xx 000 0 eng d | ||
| 040 |
_aGCL / _cGCL |
||
| 082 | 0 | 4 |
_a302.35 _bW A |
| 100 | 1 | _aWRIGHT, SUSAN | |
| 245 | 1 | 0 |
_aANTHROPOLOGY OF ORGANIZATION / _cWRIGHT, SUSAN |
| 260 |
_a[S.N] : _bROUTLEDGE ، _c1994 |
||
| 300 | _a217 p | ||
| 650 | 0 | 4 | _aORGANIZATIONS |
| 650 | 0 | 4 | _aANTHROPOLOGY |
| 942 |
_2ddc _cBK |
||
| 999 |
_c17637 _d17637 |
||